| 000 | 01021nam a2200241 4500 | ||
|---|---|---|---|
| 001 | 1984 | ||
| 003 | BD-RjUL | ||
| 005 | 20211208233446.0 | ||
| 008 | 131210s1997 bg b 000 0 ben | ||
| 020 | _a9845160247 | ||
| 035 | _a(BD-RjUL)2011 | ||
| 040 |
_aBD-RjUL _cBD-RjUL _dBD-RjUL _beng |
||
| 041 | _aben | ||
| 082 | 0 | 0 |
_a551.46 _bHUS 1997 |
| 100 |
_aহুসেন, মুহাম্মদ মকবুল _9117577 |
||
| 245 |
_aসমুদ্র বিজ্ঞান _b= Oceanography / _cমুহাম্মদ মকবুল হুসেন |
||
| 260 |
_aরাজশাহী : _bরাজশাহী বিশ্ববিদ্যালয় পাঠ্যপুস্তক প্রকাশনা বোর্ড, _c১৯৯৭ |
||
| 300 |
_a২৮৯ পৃ. : _bচিত্র ; _c২২ সেমি. |
||
| 504 | _aগ্রন্থপঞ্জী সংযুক্ত । | ||
| 650 |
_aসমুদ্র বিজ্ঞান _9117578 |
||
| 650 |
_aOceanography _9117579 |
||
| 942 |
_2ddc _cBK _08 |
||
| 999 |
_c1984 _d1984 |
||